| 000 | 00407nam a22001457a 4500 | ||
|---|---|---|---|
| 082 |
_a690 _bDEP _cL-14, P-86 |
||
| 100 |
_aD. S. I. R _945044 |
||
| 245 |
_aPrinciples of modern building _cD. S. I. R |
||
| 250 | _a3rd ed. | ||
| 260 |
_alondon _bEnglish language book society _c1959 |
||
| 300 |
_ax, 302 p. _bill. _c26 cm |
||
| 526 |
_a0 _b0 _c0 _d690_000000000000000_DEP |
||
| 650 |
_aMCE _9379 |
||
| 942 |
_2ddc _cBK |
||
| 999 |
_c548655 _d548655 |
||